00443nam a22001457a 450000500170000000800410001702000140005804100120007208200120008410000120009624500770010826000570018530000300024265000250027220241002070006.0241002b |||||||| |||| 00| 0 eng d a409005924 aEnglish a348 SOU lEnglish aThe South African Encyclopaedia of Forms and Precedents /cLI Goldblatt  aDurban: bButterworth and Company (Pty) Ltd, c1972  bxxiv, 139 pages;c26 cm.  aLegal Practice bLaw